A humanizmus Nobel-díja
Elmentve itt :
| Dokumentumtípus: | Cikk |
|---|---|
| Megjelent: |
1937-11-21
|
| Sorozat: | Pécsi Napló
46 No. 265 |
| Kulcsszavak: | Szent-Györgyi Albert, C-vitamin, Nobel-díj |
| Online Access: | http://misc.bibl.u-szeged.hu/74542 |
| LEADER | 00571nab a2200169 i 4500 | ||
|---|---|---|---|
| 001 | misc74542 | ||
| 005 | 20240116155609.0 | ||
| 008 | 240116s1937 hu o 000 hun d | ||
| 040 | |a SZTE Miscellanea Repozitórium |b hun | ||
| 041 | |a hun | ||
| 245 | 0 | 2 | |a A humanizmus Nobel-díja |h [elektronikus dokumentum] |
| 260 | |c 1937-11-21 | ||
| 300 | |a 6 | ||
| 490 | 0 | |a Pécsi Napló |v 46 No. 265 | |
| 561 | |a Szent-Györgyi Albertről szóló irodalom | ||
| 695 | |a Szent-Györgyi Albert, C-vitamin, Nobel-díj | ||
| 856 | 4 | 0 | |u http://misc.bibl.u-szeged.hu/74542/1/szgya_1937_139.pdf |z Dokumentum-elérés |